| 000 | 00715nam a2200217 a 4500 | ||
|---|---|---|---|
| 001 | 000038786 | ||
| 003 | DO-SdBNP | ||
| 005 | 20220511104536.0 | ||
| 007 | ta | ||
| 008 | 130422s1997 dr a 000 0 spa d | ||
| 040 |
_aDO-SdBNP _bspa _cBNPHU |
||
| 082 | 4 | _222 | |
| 245 | 0 | 0 |
_aManual guía del soldado dominicano / _cedición Sócrates Suazo Ruiz. |
| 260 |
_aSanto Domingo : _bLibros , _c1997. |
||
| 300 |
_av. : _bil. ; _c21 cm. |
||
| 490 | 1 |
_aPublicaciones de la Jefatura de Estado Mayor del Ejército Nacioal _v8 |
|
| 590 | _aInventariado, 2022/BT | ||
| 700 | 1 |
_aSuazo Ruiz, Sócrates _eed. _910239 |
|
| 830 | 0 |
_aPublicaciones de la Jefatura de Estado Mayor del Ejército Nacioal _n8 _965090 |
|
| 942 |
_2ddc _cLBS1 |
||
| 999 |
_c38276 _d38276 |
||